| 000 | 00462nam a2200157 i 4500 | ||
|---|---|---|---|
| 001 | 73949 | ||
| 003 | ES-MaACL | ||
| 005 | 20230906171952.0 | ||
| 007 | t| | ||
| 008 | 040913s1911 ve ||||1| spa d | ||
| 100 | 1 |
_aGonzález, Eloy G. _958305 |
|
| 245 | 1 | 0 |
_aHistoria estadística de Cojades _b: (desde 1771) / _cEloy G. González. |
| 260 |
_aCaracas : _b[s.n., _c1911] ( _fTipografía Americana) |
||
| 300 |
_aXX, 186 p. ; _c20 cm. |
||
| 852 |
_aES-MaACL _jG-8754 |
||
| 999 |
_c73949 _d73949 |
||